| 000 | 01169nam0a22003131 4500 | ||
|---|---|---|---|
| 001 | RU\INFOCOMM_322\NLR\5000254792 | ||
| 005 | 20250614080335.0 | ||
| 035 | _a(NLR Aleph) 010598875 | ||
| 090 |
_a10529846 _c10529846 |
||
| 100 | _a20130322d1990 |||y0rusy50 ca | ||
| 101 | 0 | _aeng | |
| 102 | _aRU | ||
| 105 | _ay z|||| | ||
| 200 | 1 |
_aMacrosystems theory _e(Models of stationary states of homogeneous macrosystems) _fYu. S. Popkov |
|
| 210 |
_aM. _cVNIISI _d1990 |
||
| 215 |
_a68 с. _cил. _d21 см |
||
| 225 | 1 |
_aPreprint _fThe Inst. for systems studies |
|
| 300 | _aНа обороте тит. л.: Теория микросистем: (Модели стационарных состояний однородных макросистем) / Ю. С. Попков | ||
| 320 | _aБиблиогр.: с. 65-66 | ||
| 606 | 0 |
_aСложные системы _xТеория _2nlr_sh1 |
|
| 620 | _aМосква | ||
| 686 |
_aЗ817 _2rubbk |
||
| 700 | 1 |
_9z01790 _aPopkov _bJ. S. _gJurij Solomonovič |
|
| 790 | 1 |
_9z01700 _aPopkov _bYu. S. _4070 |
|
| 801 | 1 |
_aRU _bInfocomm _c20130322 |
|
| 801 | 0 |
_aRU _bINFOCOMM _gPSBO |
|
| 852 |
_aNLR _jТ95 Д-4/287 |
||
| 942 | _cBOOK | ||
| 980 | _aNB | ||